<?xml version="1.0" encoding="UTF-8"?>
<record
    xmlns:xsi="http://www.w3.org/2001/XMLSchema-instance"
    xsi:schemaLocation="http://www.loc.gov/MARC21/slim http://www.loc.gov/standards/marcxml/schema/MARC21slim.xsd"
    xmlns="http://www.loc.gov/MARC21/slim">

  <leader>02511njm a2200421Ia 4500</leader>
  <controlfield tag="001">21183</controlfield>
  <controlfield tag="003">IT-RoPAU</controlfield>
  <controlfield tag="005">20220918181118.0</controlfield>
  <controlfield tag="008">131025s9999    xx            000 0 und d</controlfield>
  <datafield tag="040" ind1=" " ind2=" ">
    <subfield code="a">IT-RoPAU</subfield>
  </datafield>
  <datafield tag="040" ind1=" " ind2=" ">
    <subfield code="c">IT-RoPAU</subfield>
  </datafield>
  <datafield tag="999" ind1=" " ind2=" ">
    <subfield code="c">99551</subfield>
    <subfield code="d">99551</subfield>
  </datafield>
  <datafield tag="999" ind1=" " ind2=" ">
    <subfield code="b">n.d.</subfield>
  </datafield>
  <datafield tag="100" ind1=" " ind2=" ">
    <subfield code="a">AA.VV.</subfield>
    <subfield code="9">794</subfield>
  </datafield>
  <datafield tag="100" ind1=" " ind2=" ">
    <subfield code="e">Autore musica</subfield>
    <subfield code="9">5326</subfield>
  </datafield>
  <datafield tag="100" ind1=" " ind2=" ">
    <subfield code="g">Codice autore musica SPICS: 12000</subfield>
    <subfield code="9">796</subfield>
  </datafield>
  <datafield tag="245" ind1=" " ind2=" ">
    <subfield code="a">Sogni della musica (I)-Colonne sonore originali (Lp 001)</subfield>
  </datafield>
  <datafield tag="250" ind1=" " ind2=" ">
    <subfield code="a">1a ed.</subfield>
  </datafield>
  <datafield tag="260" ind1=" " ind2=" ">
    <subfield code="a">ROMA</subfield>
  </datafield>
  <datafield tag="260" ind1=" " ind2=" ">
    <subfield code="b">BEAT RECORDS COMPANY</subfield>
    <subfield code="c">1980 [1a Ed.:1980 - Ed. Lingua Orig.: 1980]</subfield>
  </datafield>
  <datafield tag="300" ind1=" " ind2=" ">
    <subfield code="a">DISCO</subfield>
  </datafield>
  <datafield tag="300" ind1=" " ind2=" ">
    <subfield code="c">43 minuti (Testo:  pag.)</subfield>
  </datafield>
  <datafield tag="500" ind1=" " ind2=" ">
    <subfield code="a">Dalle colonne sonore di cinque grandi film. Colonna sonora. Musica da film</subfield>
  </datafield>
  <datafield tag="505" ind1=" " ind2=" ">
    <subfield code="a">Rapporto Fuller-Base Stoccolma [(regia di Terence Hathaway) Qualcosa pi&#xF9; grande di noi (3:00) - The Touch of a Kiss-Qualcosa pi&#xF9; grande di noi (2:00) - Caccia al ladro (3:00)] - Troppo per vivere, poco per morire [(regia di Michele Lupo) Diamanti swing (3:00) - Gordon blues (3:00) - Hot Camera Shake (3:00) - Diamond Bossanova (2:00) - Arabella (3:00)] - Tiffany memorandum [(regia di Terence Hathaway) Beat fuga Shake (3:00) - Notte al Grand'Hotel (4:00)] - Dalle Ardenne all'inferno  [(regia di Alberto De Martino) Tema di Cristine (3:00) - Ardenne's Theme Marcia (3:00)] - Come rubare la corona d'Inghilterre [(regia di Terence Hathaway) Argoman Bossanova (3:00)]</subfield>
  </datafield>
  <datafield tag="511" ind1=" " ind2=" ">
    <subfield code="a">Orchestra di Armando Trovajoli</subfield>
  </datafield>
  <datafield tag="511" ind1=" " ind2=" ">
    <subfield code="a">Orchestra di Riz Ortolani</subfield>
  </datafield>
  <datafield tag="511" ind1=" " ind2=" ">
    <subfield code="a">Orchestra di Bruno Nicolai</subfield>
  </datafield>
  <datafield tag="511" ind1=" " ind2=" ">
    <subfield code="a">Orchestra di Ennio Morricone</subfield>
  </datafield>
  <datafield tag="511" ind1=" " ind2=" ">
    <subfield code="a">Orchestra di Francesco De Masi</subfield>
  </datafield>
  <datafield tag="511" ind1=" " ind2=" ">
    <subfield code="a">Orchestra di Piero Umiliani</subfield>
  </datafield>
  <datafield tag="511" ind1=" " ind2=" ">
    <subfield code="a">I Cantori Moderni di A. Alessandroni</subfield>
  </datafield>
  <datafield tag="650" ind1=" " ind2=" ">
    <subfield code="a">STRUMENTALE [DISCHI]</subfield>
    <subfield code="e">Codice MATERIA SPICS: 9950</subfield>
    <subfield code="9">828</subfield>
  </datafield>
  <datafield tag="700" ind1=" " ind2=" ">
    <subfield code="a">Trovaioli Armando</subfield>
    <subfield code="d">Codice autore musica SPICS: 11182</subfield>
    <subfield code="e">Autore musica</subfield>
    <subfield code="p">Qualcosa pi&#xF9; grande di noi - The Touch of a Kiss - Caccia al ladro</subfield>
    <subfield code="9">5327</subfield>
  </datafield>
  <datafield tag="700" ind1=" " ind2=" ">
    <subfield code="a">De Masi Francesco</subfield>
    <subfield code="d">Codice autore musica SPICS: 10862</subfield>
    <subfield code="e">Autore musica</subfield>
    <subfield code="p">Diamanti swing - Gordon blues - Hot Camera Shake - Diamond Bossanova - Arabella</subfield>
    <subfield code="9">5328</subfield>
  </datafield>
  <datafield tag="700" ind1=" " ind2=" ">
    <subfield code="a">Ortolani Riz</subfield>
    <subfield code="d">Codice autore musica SPICS: 11049</subfield>
    <subfield code="e">Autore musica</subfield>
    <subfield code="p">Beat fuga Shake - Notte al Grand'Hotel</subfield>
    <subfield code="9">5329</subfield>
  </datafield>
  <datafield tag="700" ind1=" " ind2=" ">
    <subfield code="a">Morricone Ennio</subfield>
    <subfield code="d">Codice autore musica SPICS: 3535</subfield>
    <subfield code="e">Autore musica</subfield>
    <subfield code="p">Tema di Cristine - Ardenne's Theme Marcia</subfield>
    <subfield code="9">5330</subfield>
  </datafield>
  <datafield tag="700" ind1=" " ind2=" ">
    <subfield code="a">Umiliani Piero</subfield>
    <subfield code="d">Codice autore musica SPICS: 13761</subfield>
    <subfield code="e">Autore musica</subfield>
    <subfield code="p">Argoman Bossanova</subfield>
    <subfield code="9">5331</subfield>
  </datafield>
  <datafield tag="942" ind1=" " ind2=" ">
    <subfield code="c">MD</subfield>
    <subfield code="2">ddc</subfield>
  </datafield>
  <datafield tag="952" ind1=" " ind2=" ">
    <subfield code="0">0</subfield>
    <subfield code="1">0</subfield>
    <subfield code="4">0</subfield>
    <subfield code="6">21183_000000000000000</subfield>
    <subfield code="7">1</subfield>
    <subfield code="a">SPICS</subfield>
    <subfield code="b">SPICS</subfield>
    <subfield code="d">2013-10-25</subfield>
    <subfield code="l">0</subfield>
    <subfield code="o">21183</subfield>
    <subfield code="r">2013-10-25 00:00:00</subfield>
    <subfield code="w">2013-10-25</subfield>
    <subfield code="y">MD</subfield>
    <subfield code="z">Progr. Ins.: 4485 / N.Vol.: 1 / Copie: 1 - Copia rara: n.d. / date import: 01.01.2014 - By Epidotti, Trombetti, Vaglietti</subfield>
  </datafield>
</record>
